000 00483nam a2200169Ia 4500
005 20250606113217.0
008 240822s9999 xx 000 0 und d
020 _a9781408886137
_qhbk
082 _a823.914
_bALE
100 _aAlexander McCall Smith
245 0 _aMax Champion and The Great Race Car Robbery
_c/ Alexander Mccall Smith
250 _a1st edition
260 _bBloomsbury Publishing
_c2018
_alondon
300 _a136
650 _achildren books
942 _cENGLISH
999 _c528571
_d528571